|
|
|
|
| LEADER |
00000nam a2200000 a 4500 |
| 001 |
vtls001333451 |
| 003 |
SK-MaSNL |
| 005 |
20260301160303.0 |
| 008 |
180813s1964 xo 0 slo |
| 035 |
|
|
|a SNK000286371
|
| 040 |
|
|
|a SNK
|b slo
|c SNK
|e AACR2
|
| 041 |
0 |
|
|a slo
|
| 044 |
|
|
|a xo
|c SK
|
| 080 |
|
|
|a 626/627:624.131.4(082)
|2 1981
|
| 245 |
1 |
|
|a Sympózium o zakladaní vodných diel na priepustnom podloží v prihliadnutím na v.d. na Dunaji, Bratislava - 16.-17. júna 1964
|
| 260 |
|
|
|a Bratislava
|b ČSVTS
|c 1964
|
| 300 |
|
|
|a 17,22,6 s., [2] , [1] voľ.príl.
|c 29 cm
|
| 650 |
0 |
7 |
|a diela vodné
|x podložie priepustné
|x zakladanie
|x zborníky
|2 SNK
|9 521638
|
| 958 |
|
|
|a OND
|
| 999 |
|
|
|c 804802
|d 806732
|
| 952 |
|
|
|a SNK
|b SNK
|y PREZ
|7 0
|p 17A0177934
|o snkSB 59803
|i snkD 259/99
|8 1
|0 0
|1 0
|4 0
|d 1999-02-05
|f 1
|l 0
|r 2025-04-09 00:00:00
|w 2026-02-24
|
| 952 |
|
|
|t Príloha: graf 1 l.
|a SNK
|b SNK
|y PREZ
|7 0
|p 17A1050891
|o snkSB 59803
|i snkD 259/99
|8 1
|0 0
|1 0
|4 0
|d 2013-01-11
|l 0
|r 2025-04-09 00:00:00
|w 2026-02-24
|